Who was Franklin Roosevelt? / (Record no. 31312)

MARC details
000 -LEADER
fixed length control field 01654cam a2200373 a 4500
001 - CONTROL NUMBER
control field ocn398488659
003 - CONTROL NUMBER IDENTIFIER
control field OCoLC
005 - DATE AND TIME OF LATEST TRANSACTION
control field 20251205010956.0
008 - FIXED-LENGTH DATA ELEMENTS--GENERAL INFORMATION
fixed length control field 090604s2010 nyuab j b 000 0beng
010 ## - LIBRARY OF CONGRESS CONTROL NUMBER
LC control number 2009023143
020 ## - INTERNATIONAL STANDARD BOOK NUMBER
International Standard Book Number 9780448453460 (pbk.)
020 ## - INTERNATIONAL STANDARD BOOK NUMBER
International Standard Book Number 0448453460 (pbk.)
026 ## - FINGERPRINT IDENTIFIER
First and second groups of characters 9781442094581 (Paw Prints)
026 ## - FINGERPRINT IDENTIFIER
First and second groups of characters 1442094583 (Paw Prints)
026 ## - FINGERPRINT IDENTIFIER
First and second groups of characters 9780605410145 (Permabound)
026 ## - FINGERPRINT IDENTIFIER
First and second groups of characters 0605410143 (Permabound)
035 ## - SYSTEM CONTROL NUMBER
System control number (OCoLC)398488659
040 ## - CATALOGING SOURCE
Original cataloging agency DLC
Language of cataloging eng
Transcribing agency DLC
Modifying agency AZD
-- XY4
-- TYV
-- JST
-- JHY
-- BDX
-- CGB
043 ## - GEOGRAPHIC AREA CODE
Geographic area code n-us---
100 1# - MAIN ENTRY--PERSONAL NAME
Personal name Frith, Margaret.
245 10 - TITLE STATEMENT
Title Who was Franklin Roosevelt? /
Statement of responsibility, etc. by Margaret Frith ; iIlustrated by John O'Brien.
260 ## - PUBLICATION, DISTRIBUTION, ETC. (IMPRINT)
Place of publication, distribution, etc. New York :
Name of publisher, distributor, etc. Grosset & Dunlap,
Date of publication, distribution, etc. c2010.
300 ## - PHYSICAL DESCRIPTION
Extent 105 p. :
Other physical details ill., maps ;
Dimensions 20 cm.
490 1# - SERIES STATEMENT
Series statement Who was-- ?
504 ## - BIBLIOGRAPHY, ETC. NOTE
Bibliography, etc Includes bibliographical references (p. 104-105).
505 0# - FORMATTED CONTENTS NOTE
Formatted contents note Who was Franklin Delano Roosevelt? -- Growing up in Hyde Park -- Meeting Eleanor -- Running for office -- Facing a crisis -- Struggling to walk -- Becoming president -- Living in the White House -- Going to war -- Saying good-bye.
520 ## - SUMMARY, ETC.
Summary, etc. An illustrated biography of Franklin Delano Roosevelt that provides information on his childhood in Hyde Park, marriage to Eleanor, political career, years as president, and influence on American history.
600 10 - SUBJECT ADDED ENTRY--PERSONAL NAME
Personal name Roosevelt, Franklin D.
Fuller form of name (Franklin Delano),
Dates associated with a name 1882-1945
Form subdivision Juvenile literature.
650 #0 - SUBJECT ADDED ENTRY--TOPICAL TERM
Topical term or geographic name as entry element Presidents
Geographic subdivision United States
Form subdivision Biography
-- Juvenile literature.
700 1# - ADDED ENTRY--PERSONAL NAME
Personal name O'Brien, John,
Dates associated with a name 1953-
Relator term illustrator.
830 #0 - SERIES ADDED ENTRY--UNIFORM TITLE
Uniform title Who was-- ?
907 ## - LOCAL DATA ELEMENT G, LDG (RLIN)
a .b243787327
942 ## - ADDED ENTRY ELEMENTS (KOHA)
Koha item type Libro/Book
Holdings
Withdrawn status Lost status Damaged status Not for loan Home library Current library Date acquired Total Checkouts Full call number Barcode Date last seen Price effective from Koha item type
        San Juan Del Sur -- Biblioteca San Juan Del Sur -- Biblioteca 05/12/2025   JF 30023534 05/12/2025 05/12/2025 Libro/Book

Powered by Koha